The novels of Thomas Deloney / (Record no. 21797)
[ view plain ]
| 000 -LEADER | |
|---|---|
| fixed length control field | 00933nam a2200229 a 4500 |
| 001 - CONTROL NUMBER | |
| control field | 21797 |
| 003 - CONTROL NUMBER IDENTIFIER | |
| rucl marc code | BD-RjUL |
| 005 - DATE AND TIME OF LATEST TRANSACTION | |
| control field | 20211209000730.0 |
| 008 - FIXED-LENGTH DATA ELEMENTS--GENERAL INFORMATION | |
| fixed length control field | 140030s1961 inuh 001 1 eng d |
| 035 ## - SYSTEM CONTROL NUMBER | |
| System control number | (BD-RjUL)21862 |
| 040 ## - CATALOGING SOURCE | |
| Original cataloging agency | DLC |
| Transcribing agency | WSU |
| Modifying agency | SER |
| -- | BD-RjUL |
| Language of cataloging | eng |
| 041 ## - LANGUAGE CODE | |
| Language code of text/sound track or separate title | eng |
| 082 ## - DEWEY DECIMAL CLASSIFICATION NUMBER | |
| Classification number | 823.3 |
| Author mark and year | NOV 1961 |
| 245 14 - TITLE STATEMENT | |
| Title | The novels of Thomas Deloney / |
| Statement of responsibility, etc. | edited by Merrit E. Lawlis |
| 260 ## - PUBLICATION, DISTRIBUTION, ETC. (IMPRINT) | |
| Place of publication, distribution, etc. | Bloomington, Ind. : |
| Name of publisher, distributor, etc. | Indiana University Press, |
| Date of publication, distribution, etc. | 1961. |
| 300 ## - PHYSICAL DESCRIPTION | |
| Pagination | xxxii, 462 p. : |
| Illustrations | facsims ; |
| Size | 24 cm. |
| 500 ## - GENERAL NOTE | |
| General note | "Editions ... used a copy texts: the Henry E. Huntington Library [copies of] ... Jack of Newbury and Thomas of Reading; the University of Sheffield Library [copy of] ... The gentle craft, part I; and the British Museum [copy of] ... The gentle craft, part II." |
| 700 1# - ADDED ENTRY--PERSONAL NAME | |
| Personal name | Lawlis, Merritt E. |
| Fuller form of name | (Merritt Eugene), |
| Dates associated with a name | 1918- |
| 942 ## - ADDED ENTRY ELEMENTS (KOHA) | |
| Source of classification or shelving scheme | Dewey Decimal Classification |
| Koha item type | Books |
| Lost status | Source of classification or shelving scheme | Damaged status | Not for loan | Collection code | Permanent Location | Current Location | Shelving location | Date acquired | Source of acquisition | Cost, normal purchase price | Total Checkouts | Full call number | Date last seen | Copy number | Koha item type |
|---|---|---|---|---|---|---|---|---|---|---|---|---|---|---|---|
| Dewey Decimal Classification | Added to bundle | Non-fiction | Central Library, University of Rajshahi | Central Library, University of Rajshahi | Reading Room | 03/03/1973 | Black well | 5.95 | 823.3 NOV 1961 | 05/03/2014 | C-1 | Books |